[Event "Bundesliga 0304"]
[Site "Germany"]
[Date "2004.03.28"]
[Round "13.7"]
[White "Reeh, Oliver"]
[Black "Straeter, Timo"]
[Result "1/2-1/2"]
[WhiteElo "2446"]
[BlackElo "2335"]
[PlyCount "116"]
[EventDate "2003.11.01"]
[EventType "team-tourn"]
[EventRounds "15"]
[EventCountry "GER"]
[SourceTitle "CBM 100"]
[Source "ChessBase"]
[SourceDate "2004.06.01"]
[SourceVersion "1"]
[SourceVersionDate "2004.06.01"]
[SourceQuality "1"]
[WhiteTeam "Hamburger SK"]
[BlackTeam "Wattenscheid"]
[WhiteTeamCountry "GER"]
[BlackTeamCountry "GER"]

1. e4 e5 2. Nf3 Nc6 3. Bb5 g6 4. c3 d6 5. d4 Bd7 6. Bg5 Be7 7. Bxe7 Qxe7 8. 0-0 Nf6 9. Re1 0-0 10. c4 Nb8 11. Bxd7 Nbxd7 12. Nc3 c6 13. Qd2 Rad8 14. Rad1 Rfe8 15. b3 a6 16. g3 b5 17. d5 b4 18. Na4 c5 19. a3 a5 20. Ra1 Ra8 21. Ra2 Qd8 22. Qc2 Nb6 23. axb4 axb4 24. Rea1 Nbd7 25. Nb2 Rxa2 26. Rxa2 Qc8 27. Nd2 Nh5 28. Nd1 Nf8 29. Ne3 h6 30. Ra7 Nh7 31. Qd1 N5f6 32. h4 h5 33. Qf3 Rf8 34. Ndf1 Ng4 35. Nxg4 hxg4 36. Qe3 Kg7 37. Kg2 Nf6 38. f3 Re8 39. Nh2 Rf8 40. fxg4 Nxg4 41. Nxg4 Qxg4 42. Qf3 Qxf3+ 43. Kxf3 Rd8 44. Kg4 Rh8 45. Ra6 Rd8 46. Kg5 Rd7 47. Ra8 f6+ 48. Kg4 Rf7 49. Rd8 f5+ 50. exf5 gxf5+ 51. Kf3 Rf6 52. Rd7+ Kg6 53. Re7 Kh5 54. Re6 Kg6 55. Re7 Kh6 56. Re6 Kg6 57. Re7 Kh6 58. Re6 Kg6 1/2-1/2

[Event "Bundesliga 0304"]
[Site "Germany"]
[Date "2003.11.23"]
[Round "4.7"]
[White "Bock, Andreas"]
[Black "Reeh, Oliver"]
[Result "0-1"]
[WhiteElo "2158"]
[BlackElo "2446"]
[PlyCount "46"]
[EventDate "2003.11.01"]
[EventType "team-tourn"]
[EventRounds "15"]
[EventCountry "GER"]
[SourceTitle "CBM 097 Extra"]
[Source "ChessBase"]
[SourceDate "2004.01.13"]
[SourceVersion "1"]
[SourceVersionDate "2004.01.13"]
[SourceQuality "1"]
[WhiteTeam "St Ingbert"]
[BlackTeam "Hamburger SK"]
[WhiteTeamCountry "GER"]
[BlackTeamCountry "GER"]

1. e4 c5 2. Nf3 d6 3. d4 cxd4 4. Nxd4 Nf6 5. Nc3 Nc6 6. Bg5 Bd7 7. f4 Qb6 8. Nb3 Ng4 9. Qf3 Nb4 10. Rc1 h6 11. f5 Ne5 12. Qh3 hxg5 13. Qxh8 Ng4 14. Nd1 Nxa2 15. Ra1 Nb4 16. Rc1 Rc8 17. c3 Na2 18. Ra1 Qxb3 19. Be2 Nf6 20. Bd3 Nb4 21. Bb1 Nc2+ 22. Bxc2 Qxc2 23. 0-0 Qxe4 0-1

[Event "Bundesliga 0304"]
[Site "Germany"]
[Date "2003.11.22"]
[Round "3.7"]
[White "Reeh, Oliver"]
[Black "Brendel, Oliver"]
[Result "1/2-1/2"]
[WhiteElo "2446"]
[BlackElo "2311"]
[PlyCount "86"]
[EventDate "2003.11.01"]
[EventType "team-tourn"]
[EventRounds "15"]
[EventCountry "GER"]
[SourceTitle "CBM 097 Extra"]
[Source "ChessBase"]
[SourceDate "2004.01.13"]
[SourceVersion "1"]
[SourceVersionDate "2004.01.13"]
[SourceQuality "1"]
[WhiteTeam "Hamburger SK"]
[BlackTeam "Hofheim"]
[WhiteTeamCountry "GER"]
[BlackTeamCountry "GER"]

1. e4 c5 2. Nf3 Nc6 3. Bb5 Nf6 4. Bxc6 dxc6 5. d3 g6 6. h3 Bg7 7. Nc3 Nd7 8. Be3 b6 9. Qd2 e5 10. Bh6 Bf6 11. 0-0-0 Nf8 12. Ng5 Ne6 13. Nxe6 Bxe6 14. f4 exf4 15. Bxf4 Qd4 16. Rhe1 Be5 17. Bxe5 Qxe5 18. a3 0-0-0 19. Rf1 h5 20. Qf4 Qxf4+ 21. Rxf4 h4 22. Ne2 Rh5 23. Rf6 Rg5 24. Nf4 Re8 25. Rd2 Kd7 26. Rf2 Kd6 27. Kd2 a5 28. c3 Ke5 29. Ne2 c4 30. d4+ Kxe4 31. R6f4+ Kd5 32. Rxh4 Kd6 33. Re4 Rb5 34. Kc1 Rh8 35. Nf4 Rf5 36. g4 Rf6 37. Re5 Rd8 38. Nd3 Rxf2 39. Nxf2 f5 40. Kd2 Rf8 41. gxf5 Bxf5 42. Re3 b5 43. Ne4+ Bxe4 1/2-1/2

[Event "Bundesliga 0102"]
[Site "Germany"]
[Date "2002.02.02"]
[Round "6.7"]
[White "Reeh, Oliver"]
[Black "Kachiani Gersinska, Ketino"]
[Result "1-0"]
[WhiteElo "2416"]
[BlackElo "2453"]
[PlyCount "123"]
[EventDate "2001.10.06"]
[EventType "team-tourn"]
[EventRounds "15"]
[EventCountry "GER"]
[SourceTitle "EXT 2003"]
[Source "ChessBase"]
[SourceDate "2002.11.25"]
[SourceVersion "1"]
[SourceVersionDate "2002.11.25"]
[SourceQuality "1"]
[WhiteTeam "Hamburger SK"]
[BlackTeam "Tegernsee"]
[WhiteTeamCountry "GER"]
[BlackTeamCountry "GER"]

1. e4 c6 2. c4 d5 3. cxd5 cxd5 4. exd5 Nf6 5. Nc3 Nxd5 6. Nf3 Nxc3 7. bxc3 g6 8. h4 Bg7 9. h5 0-0 10. hxg6 hxg6 11. d4 Qc7 12. Bd2 Nd7 13. Rc1 Re8 14. Be2 e5 15. Kf1 b6 16. Qb3 a5 17. Ng5 Nf8 18. d5 a4 19. Qb4 Qc5 20. Qxc5 bxc5 21. Ne4 Bf5 22. Nxc5 Ra5 23. Be3 Rc8 24. g4 Raxc5 25. Bxc5 Be4 26. f3 Bxd5 27. Bxf8 Bxf8 28. c4 Ba3 29. Rc3 Bb2 30. Rc2 a3 31. Rh3 Bc6 32. Bd3 Ba4 33. Rch2 e4 34. Bxe4 Rxc4 35. Rd2 Kg7 36. Kg2 Rc1 37. Rh1 Rc7 38. Rb1 Bc1 39. Rd4 Be8 40. Rd8 Ba4 41. Rd4 Be8 42. Rb7 Rc8 43. Rd6 Kh6 44. Kg3 Bb2 45. f4 Rc3+ 46. Kh4 Kg7 47. Rxg6+ Kf8 48. Rgb6 Re3 49. Bd5 Rd3 50. Bc4 Rd4 51. Bb5 Bxb5 52. Rxb5 Rxf4 53. Rf5 Rxf5 54. gxf5 Kg7 55. Rb6 Bd4 56. Ra6 Bb2 57. Kg4 Bc1 58. Kf3 Bb2 59. Kg4 Bc1 60. Kh5 Bb2 61. f6+ Kh7 62. Kg5 1-0

[Event "Bundesliga 0102"]
[Site "Germany"]
[Date "2001.10.06"]
[Round "1.8"]
[White "Seger, Ruediger"]
[Black "Reeh, Oliver"]
[Result "1/2-1/2"]
[WhiteElo "2400"]
[BlackElo "2416"]
[PlyCount "26"]
[EventDate "2001.10.06"]
[EventType "team-tourn"]
[EventRounds "15"]
[EventCountry "GER"]
[SourceTitle "EXT 2003"]
[Source "ChessBase"]
[SourceDate "2002.11.25"]
[SourceVersion "1"]
[SourceVersionDate "2002.11.25"]
[SourceQuality "1"]
[WhiteTeam "Godesberg"]
[BlackTeam "Hamburger SK"]
[WhiteTeamCountry "GER"]
[BlackTeamCountry "GER"]

1. e4 c5 2. c3 d5 3. exd5 Qxd5 4. d4 Nf6 5. Nf3 Bg4 6. Be2 e6 7. h3 Bh5 8. 0-0 Nc6 9. Be3 cxd4 10. Nxd4 Bxe2 11. Qxe2 Nxd4 12. Bxd4 Be7 13. Rd1 Qc6 1/2-1/2